02662cam a2200385 a 4500999001700000001000900017003000400026005001700030008004100047010001700088020001800105020001500123035002400138035002100162040007600183043001200259050002400271082001700295100002800312245005100340250001200391260004000403300006600443504006600509505105700575600003101632650004501663856008301708856010601791856009101897856008101988906004502069942003602114952012602150 c26755d2675515173484OSt20170206105312.0080208s2008 nyuaf b 001 0beng  a 2008006162 a9780375414558 a037541455X a(OCoLC)ocn192048175 a(OCoLC)192048175 aDLCcDLCdBTCTAdBAKERdYDXCPdOCLCGdJTEdC#PdBWXdOMBdCDXdIXAdDLC ae-ru---00aN6999.C46bW85 200800a709.2aB2221 aWullschläger, Jackie.10aChagall :ba biography /cJackie Wullschlager. a1st ed. aNew York :bAlfred A. Knopf,c2008. axxii, 582 p., [32] p. of plates :bill. (some col.) ;c25 cm. aIncludes bibliographical references (p. [525]-562) and index.0 aPart I. Russia : "My sad and joyful town": Vitebsk, 1887-1900 -- At Pen's: Vitebsk, 1900-1907 -- Forbidden city: St. Petersburg, 1907-1908 -- Thea: Vitebsk and St. Petersburg, 1908-1909 -- Belle: Vitebsk, 1909 -- Léon Bakst: St. Petersburg, 1909-1911 -- "Surnaturel!": Paris, 1911-1912 -- Blaise Cendrars: Paris, 1912-1913 -- "My ferocious genius": Paris, 1913-1914 -- Homecoming: Vitebsk, 1914-1915 -- Married man: Petrograd, 1915-1917 -- Commissar Chagall and Comrade Malevich: Vitebsk, 1917-1920 -- Chagall's box: Moscow, 1920-1922 -- Part II. Exile : Der Sturm: Berlin, 1922-1923 -- Dead souls: Paris, 1923-1924 -- "Lumière-Liberté": Paris, 1924-1927 -- The prophets: Paris, 1928-1933 -- Wandering Jew: Paris, 1934-1937 -- White crucifixion: Paris and Gordes, 1937-1941 -- America: New York, 1941-1944 -- Virginia: New York and High Falls, 1944-1948 -- Return to Europe: Orgeval and Vence, 1948-1952 -- Vava: Vence, 1952-1960 -- Decade of the large wall: Vence and St. Paul, 1960-1970 -- "I was a good artist, wasn't I?": St. Paul, 1971-1985.10aChagall, Marc,d1887-1985. 0aArtistszRussia (Federation)vBiography.413Table of contents onlyuhttp://www.loc.gov/catdir/toc/ecip0810/2008006162.html423Contributor biographical informationuhttp://www.loc.gov/catdir/enhancements/fy0906/2008006162-b.html423Publisher descriptionuhttp://www.loc.gov/catdir/enhancements/fy0906/2008006162-d.html413Sample textuhttp://www.loc.gov/catdir/enhancements/fy0906/2008006162-s.html a7bcbccorignewd1eecipf20gy-gencatlg 2lcccBOOKShN 6999 .C46W85 2008 00102lcc4070aMUCbMUCcTECHd2017-02-06eDonation (BFA)l0oN 6999 .C46W85 2008p34255r2018-07-10w2017-02-06yBOOKS